000
00269nam a2200109Ia 4500
008
231219s9999 xx 000 0 und d
041
_a
eng
100
_a
Lawrence J.Gitman
245
_a
Personal Finance
260
_b
The Dryden Press ,Hinsdale
650
_a
Management
999
_c
975610
_d
975610